[Event "Ste Foy Tal"]
[Site "Ste Foy"]
[Date "2014.12.06"]
[Round "4"]
[White "Dube, Daniel"]
[Black "Calafateanu, Vlad"]
[Result "1-0"]
[WhiteElo "1947"]
[BlackElo "1671"]
[PlyCount "87"]
[EventDate "2014.11.15"]
[EventType "swiss"]
[EventRounds "5"]
[EventCountry "CAN"]
[SourceTitle "EXT 2022"]
[Source "ChessBase"]
[SourceDate "2021.10.06"]
[SourceVersion "1"]
[SourceVersionDate "2021.10.06"]
[SourceQuality "1"]

1. e4 e5 2. Nf3 Nc6 3. Nc3 Nf6 4. d4 exd4 5. Nxd4 Bb4 6. Nxc6 bxc6 7. Bd3 d5 8. exd5 cxd5 9. 0-0 0-0 10. Bg5 c6 11. Na4 Re8 12. c3 Be7 13. Bc2 h6 14. Bh4 Ne4 15. Bxe7 Qxe7 16. Re1 Qg5 17. f3 Bh3 18. Qe2 Nd6 19. Qf2 Bf5 20. Bxf5 Qxf5 21. Rxe8+ Rxe8 22. b3 Re7 23. Rd1 Qe5 24. g3 Nf5 25. Rd2 Qe1+ 26. Qxe1 Rxe1+ 27. Kf2 Rc1 28. g4 Nd6 29. c4 Ne8 30. cxd5 cxd5 31. Ke3 Nc7 32. Nb2 Re1+ 33. Re2 Rxe2+ 34. Kxe2 Ne6 35. b4 Kf8 36. Nd3 f6 37. Ke3 g5 38. a4 a6 39. b5 axb5 40. a5 Ke7 41. Nb4 Kd6 42. a6 Kc5 43. a7 Nc7 44. Na6+ 1-0

[Event "Ste Foy Fischer"]
[Site "Ste Foy"]
[Date "2014.11.08"]
[Round "5"]
[White "Chouinard, Etienne"]
[Black "Calafateanu, Vlad"]
[Result "0-1"]
[WhiteElo "1821"]
[BlackElo "1676"]
[PlyCount "112"]
[EventDate "2014.10.11"]
[EventType "swiss"]
[EventRounds "5"]
[EventCountry "CAN"]
[SourceTitle "EXT 2022"]
[Source "ChessBase"]
[SourceDate "2021.10.06"]
[SourceVersion "1"]
[SourceVersionDate "2021.10.06"]
[SourceQuality "1"]

1. e4 e5 2. Nf3 Nc6 3. Nc3 Nf6 4. Nxe5 Nxe5 5. d4 Ng6 6. e5 Ng8 7. Bc4 d6 8. Qf3 Be6 9. Bxe6 fxe6 10. Qxb7 N8e7 11. exd6 cxd6 12. Bg5 Qc8 13. Qb5+ Qc6 14. 0-0-0 Qxb5 15. Nxb5 Kd7 16. Rhe1 a6 17. Nc3 h6 18. Be3 Nf5 19. Rd3 Be7 20. g4 Nxe3 21. fxe3 Rhf8 22. Na4 Kc7 23. c4 e5 24. Nc3 Bg5 25. Nd5+ Kc6 26. Kc2 Rf2+ 27. Kb1 Rb8 28. b4 e4 29. Rb3 Ne7 30. Nc3 d5 31. cxd5+ Nxd5 32. Nxe4 Rxh2 33. Rc1+ Kb7 34. Rc5 Rf8 35. Nd6+ Kb8 36. Nf5 g6 37. Rxd5 gxf5 38. gxf5 Rc8 39. Rc5 Re2 40. Re5 Rg8 41. Re6 Bxe3 42. Rb6+ Ka7 43. Rg6 Rxg6 44. fxg6 Bxd4 45. Rd3 Rb2+ 46. Kc1 Rxb4 47. a3 Rc4+ 48. Kd2 Be5 49. g7 Rc8 50. Rd7+ Kb6 51. Re7 Bf4+ 52. Kd3 Rg8 53. Ke4 Bd6 54. Rf7 Bxa3 55. Kf5 Bb2 56. Kg6 Rxg7+ 0-1